Pokemon by Emojis - Statistics

General Stats
  • This quiz has been taken 31 times
  • The average score is 11 of 18
Answer Stats
Hint Answer % Correct
๐Ÿญโšก Pikachu
96%
๐Ÿ”ฅ๐ŸฆŽ๐Ÿงกโค Charmander
79%
๐Ÿ‘ป๐Ÿ’œ Gengar
79%
๐ŸŽ๐Ÿ”ฅ Rapidash
75%
๐Ÿ”ช๐Ÿ๐Ÿ”ช Beedrill
71%
๐Ÿข๐ŸŒŠ๐ŸคŽ Squirtle
71%
๐ŸŒฟ๐Ÿ’œ๐Ÿธ๐ŸŒบ Bulbasaur
64%
๐Ÿฉท๐Ÿง‘โ€๐ŸŽค๐ŸŽถ Jigglypuff
64%
๐Ÿ””๐ŸŒฑ Bellsprout
61%
๐ŸŸ๐Ÿฎ๐Ÿ’ฆ๐Ÿงก Magikarp
61%
โ…จ๐ŸฆŠ Ninetales
57%
๐ŸฆŠ๐Ÿ’ง๐Ÿ”ฅโšก Eevee
54%
๐Ÿ’ช๐Ÿชจ๐Ÿ˜ƒ Geodude
50%
๐Ÿชจ๐Ÿชจ๐Ÿชจ๐Ÿ Onix
50%
๐Ÿ˜ตโ€๐Ÿ’ซ๐Ÿ’ค๐Ÿ”ฎ Drowzee
46%
๐Ÿฅš๐Ÿฅš๐Ÿฅš๐ŸŒด Exeggutor
39%
โค๐Ÿคโšฝโšก Voltorb
32%
๐Ÿƒ๐Ÿšซ๐Ÿš๐Ÿฉท Slowbro
29%
No matching quizzes found
Score Distribution
Percent of People with Each Score
Percentile by Number Answered
Your Score History
You have not taken this quiz